书目信息 |
| 题名: |
现代乐器学
|
|
| 作者: | 维多尔 改写 ;列维茨基 , 金文达 编译、补充 | |
| 分册: | 下册 | |
| 出版信息: | 北京 人民音乐出版社 1959 |
|
| 页数: | 286页 | |
| 开本: | 20cm | |
| 丛书名: | ||
| 单 册: | ||
| 中图分类: | J627 , J62 | |
| 科图分类: | ||
| 主题词: | 管弦乐--乐器--理论 | |
| 电子资源: | ||
| ISBN: | 7-103-00192-8 | |
| 000 | 00876nam0 2200253 450 | |
| 001 | 012002027183 | |
| 005 | 20070806180030.71 | |
| 010 | @a7-103-00192-8@dCNY13.80 | |
| 100 | @a20041210e20041959em y0chiy0110 ea | |
| 101 | 1 | @achi@brus@ceng |
| 102 | @aCN@b110000 | |
| 105 | @ay z 000yy | |
| 200 | 1 | @a现代乐器学@9xian dai yue qi xue@h下册@f(法)C.M.维多尔改写@g(苏)德米·罗加尔-列维茨基编译、补充@g金文达译 |
| 210 | @a北京@c人民音乐出版社@d1959@h2001 | |
| 215 | @a286页@d20cm | |
| 330 | @a本书内容包括定音鼓、小鼓、中鼓、长鼓;竪琴;钢片琴、管风琴;小提琴、中提琴、大提琴等多种乐器。 | |
| 606 | 0 | @a管弦乐@x乐器@x理论 |
| 690 | @aJ627@v4 | |
| 690 | @aJ62@v3 | |
| 701 | 1 | @a维多尔@9wei duo er@bC.M.@4改写 |
| 702 | 1 | @a列维茨基@9lie wei ci ji@b德米·罗加尔@4编译、补充 |
| 702 | 0 | @a金文达@9jin wen da@4译 |
| 801 | 0 | @aCN@bRENTIAN@c20070806 |
| 905 | @a10447@dJ62@e198:2 | |
| 现代乐器学.下册/(法)C.M.维多尔改写/(苏)德米·罗加尔-列维茨基编译、补充/金文达译.-北京:人民音乐出版社,1959(2001) |
| 286页;20cm |
| ISBN 7-103-00192-8:CNY13.80 |
| 本书内容包括定音鼓、小鼓、中鼓、长鼓;竪琴;钢片琴、管风琴;小提琴、中提琴、大提琴等多种乐器。 |
| ● |
| 相关链接 |
|
|
|
|
正题名:现代乐器学
索取号:J62/198:2
 
预约/预借
| 序号 | 登录号 | 条形码 | 馆藏地/架位号 | 状态 | 备注 |
| 1 | 0804801 | 208048012 | 第一样本阅览室/ [索取号:J62/198:2] | 在馆 | |
| 2 | 0804802 | 208048021 | 第一借阅区/ [索取号:J62/198:2] | 在馆 | |
| 3 | 0804803 | 208048030 | 第一借阅区/ [索取号:J62/198:2] | 在馆 | |
| 4 | 0804804 | 208048049 | 第一借阅区/ [索取号:J62/198:2] | 在馆 | |
| 5 | 0804805 | 208048058 | 密集书库-音乐系/ [索取号:J62/198:2] | 在馆 |